01156nam a2200265Ia 4500001000600000003000900006008004100015040001300056040001300069041001300082100001700095100002900112245003800141245001900179250001100198260001100209260001100220260004900231300005600280500043600336650003600772650003100808700002400839700002700863C0520IT-RoPAU130308s9999 xx 000 0 und d aIT-RoPAU cIT-RoPAU aITALIANO aDouchet Jean gCodice Aut. SPICS: 10227 aSpirito della nouvelle vague (Lo) bNouvelle Vague a2a ed. aTORINO bLindau c1993 [1° Ed.:1993 - Ed.Ling.Originale:1984] a"10 p. (prefazione: no ; testo: 10 [pagine: 7-16])" aConversazione con Jean Douchet. Due Poli Direttivi del Cinema Moderno. Politica degli Autori e nozione della messa in Scena. Cinema di Qualità Non è Il vero Cinema Francese. Improvvisazione e Controllo nel Cinema Moderno. dominio della Parola. Tecnica ed Economia: un Nuovo Modo di Produrre. Nuovosguardo e Vecchi Soggetti. Arte di Muovere Il Corpo. Cinefilia e Creazione. gusto della Teoria. Continuità della Nouvelle Vague. aMANIFESTAZIONI CINEMATOGRAFICHE eCodice materia Spics: 6815 aTurigliatto Roberto gCodice Aut. SPICS: 300